Logo BPK

Biblioteka

Politechniki Koszalińskiej

Grammaire : (Rekord nr 38108)

Szczegóły MARC
000 -ETYKIETA REKORDU
podpole kontrolne o stałej długości 00689nam a2200229 i 4500
001 - NUMER KONTROLNY REKORDU
pole kontrolne bg
020 ## - MIĘDZYNARODOWY ZNORMALIZOWANY NUMER KSIĄŻKI - ISBN
ISBN 2010162918
040 ## - ŹRÓDŁO KATALOGOWANIA
Instytucja, która utworzyła rekord BPK
041 0# - KOD JĘZYKA
Kod języka tekstu fr
080 ## - UNIWERSALNA KLASYFIKACJA DZIESIĘTNA - UKD
UKD 811.133.1'36(075.3.053.7)
920 ## - Międzynarodowy znormalizowany numer książki – ISBN
ISBN 2-01-016291-8
008 - POLE O STAŁEJ DŁUGOŚCI - DANE KONTROLNE
podpole kontrolne o stałej długości s pl f |000 0 pol
245 #0 - TYTUŁ/ODPOWIEDZIALNOŚĆ
Tytuł Grammaire :
Ciąg dalszy tytułu cours de Civilisation française de la Sorbonne : 350 exercices niveau supŕieur II /
Pozostałe elementy strefy tytułu i oznaczenia odpowiedzialności C.-M. Beaujeu [et al.].
260 ## - STREFA ADRESU WYDAWNICZEGO
Miejsce wydania Paris :
Nazwa wydawcy/dystrybutora Hachette,
Data publikacji, dystrybucji/powstania dokumentu cop.1991.
300 ## - STREFA OPISU FIZYCZNEGO
Objętość 159 s. ;
Rozmiary 25 cm.
490 1# - STREFA SERII I DOKUMENTU WIELOCZĘŚCIOWEGO - FORMA NIE DO WYSZUKIWANIA
Tytuł i oznaczenie odpowiedzialności serii Exerçons-nous,
ISSN 1142-768X
650 #9 - HASŁO PRZEDMIOTOWE W FORMIE NAZWY OGÓLNEJ LUB JEDNOSTKOWEJ
Nazwa ogólna lub geograficzna Język francuski
Określnik ogólny gramatyka
655 ## - TERMIN INDEKSOWY - OKREŚLENIE RODZAJU/FORMY DOKUMENTU
Określenie rodzaju/formy dokumentu Podręczniki
700 1# - HASŁO DODATKOWE - NAZWA OSOBOWA
Nazwa osobowa BEAUJEU, C.-M.
830 ## - HASŁO DODATKOWE SERII LUB DOKUMENTU WIELOCZĘŚCIOWEGO - TYTUŁ UJEDNOLICONY
Tytuł ujednolicony Exerçons-nous,
-- 1142-768X
942 ## - DODATKOWE ELEMENTY (KOHA)
Typ dokumentu Książka
Egzemplarze
Wycofany Status egzemplarza Uszkodzony Dostępność Lokalizacja stała Lokalizacja bieżąca Miejsce przechowywania Sygnatura Kod kreskowy Typ dokumentu
      Dostępny Biblioteka Politechniki Koszalińskiej Biblioteka Politechniki Koszalińskiej Wypożyczalnia BG 54706 01503944 Książka
© 2023 Biblioteka Politechniki Koszalińskiej :: KOHA